Palgrave handbook of econometrics (Record no. 5147)

MARC details
000 -LEADER
fixed length control field 00491nam a2200181Ia 4500
020 ## - INTERNATIONAL STANDARD BOOK NUMBER
ISBN 1-4039-4155-6
082 ## - DEWEY DECIMAL CLASSIFICATION NUMBER
Classification number 330.015195 PAL-
245 #0 - TITLE STATEMENT
Title Palgrave handbook of econometrics
260 ## - PUBLICATION, DISTRIBUTION, ETC. (IMPRINT)
Place of publication Hampshire
Name of publisher Palgrave Macmillan
Year of publication 2006
300 ## - PHYSICAL DESCRIPTION
Number of Pages xxv, 1097
500 ## - GENERAL NOTE
General note Vol 1. Econometric theory
650 ## - SUBJECT ADDED ENTRY--TOPICAL TERM
Topical Term Econometrics
Form subdivision Methodology
650 ## - SUBJECT ADDED ENTRY--TOPICAL TERM
Topical Term Econometrics
Form subdivision History
650 ## - SUBJECT ADDED ENTRY--TOPICAL TERM
Topical Term Economics, Mathematical
700 ## - ADDED ENTRY--PERSONAL NAME
Personal name Patterson, Kerry
700 ## - ADDED ENTRY--PERSONAL NAME
Personal name Mills, Terence C.
942 ## - ADDED ENTRY ELEMENTS (KOHA)
Koha item type Books
Holdings
Withdrawn status Lost status Damaged status Not for loan Home library Current library Date acquired Source of acquisition Bill Date Full call number Accession Number Price effective from Koha item type
        NASSDOC Library NASSDOC Library 27/06/2006 GOVIND 2006-06-20 330.015195 PAL- 41908 18/04/2019 Books